| 000 | 01519nam a2200409 i 4500 | ||
|---|---|---|---|
| 001 | ELB54560 | ||
| 003 | FlNmELB | ||
| 006 | m o d | | ||
| 007 | cr cnu|||||||| | ||
| 008 | 140503s2001 sp o 001 0 spa d | ||
| 020 | _z9788484091080 | ||
| 020 | _a9788484095088 (e book) | ||
| 035 | _a(MiAaPQ)EBC3210025 | ||
| 035 | _a(Au-PeEL)EBL3210025 | ||
| 035 | _a(CaPaEBR)ebr10679607 | ||
| 035 | _a(OCoLC)1105505071 | ||
| 040 |
_aFINmELB _bspa _erda _cFINmELB |
||
| 050 | 4 |
_aHD31 _bG393 2001 |
|
| 080 | _a658.84 | ||
| 082 | 0 |
_a658 _223 |
|
| 245 | 0 | 0 |
_aGestión en empresas de producción porcina / _cDaniel Babot (editor). |
| 264 | 1 |
_aLleida : _bEdicions de la Universitat de Lleida, _c2001. |
|
| 300 | _a1 recurso en línea (331 páginas) | ||
| 336 |
_atexto _btxt _2rdacontent/spa |
||
| 337 |
_acomputadora _bc _2rdamedia/spa |
||
| 338 |
_arecurso en línea _bcr _2rdacarrier/spa |
||
| 500 | _aContiene índice. | ||
| 588 | _aDescripción basada en recurso en línea; Título de la página del título en PDF (e-libro, visto May 3, 2014). | ||
| 590 | _aRecurso electrónico. Santa Fe, Arg.: e-libro, 2015. Disponible vía World Wide Web. El acceso puede estar limitado para las bibliotecas afiliadas a e-libro. | ||
| 650 | 0 | _aIndustrial management. | |
| 650 | 4 | _aAdministración de empresas. | |
| 650 | 4 | _aIndustria agrícola. | |
| 655 | 4 | _aLibros electrónicos. | |
| 700 | 1 |
_aBabot, Daniel, _eeditor. |
|
| 797 | 2 | _ae-libro, Corp. | |
| 856 | 4 | 0 | _uhttps://elibro.net/ereader/usam/54560 |
| 999 |
_c139911 _d139911 |
||